000 00539nam a22001817a 4500
005 20210427065447.0
008 210304s2001 ||||| |||| 00| 0 eng d
040 _aeng
_cDLC
041 _aeng
082 _a070
_bN-27
110 _9928
_aNational Geographic Society
245 _aNational Geographic / November 2001 / Vol. 200, No. 5
_c/ by: National Geographic Society
260 _aWashington DC
_b National Geographic Society
_c2001
300 _a135 p.
_bill.
650 0 _91229
_aPress
653 _aპრესა
942 _2udc
_cMP
999 _c1887
_d1887